000 00971nam a2200205 i 4500
001 24992
003 ES-MaACL
005 20250522063043.0
007 t|
008 021219s1896 sp ||||1| spa d
100 1 _aApraiz y Sáenz del Burgo, Ramón de,
_d1845-1926
_922128
245 1 0 _aPrimer centenario del descubrimiento de la vacuna por Jenner
_b: discurso pronunciado.. el 14 de mayo de 1896 en el salón de actos público del Instituto Provincial por el Centro de vacunación animal de Álava y el Ateneo de Vitoria /
_cpor Ramón Apraiz y Saenz del Burgo.
260 _aVitoria :
_b[s.n.],
_c1896 (
_fEst. tip. de Domingo Sar)
300 _a125 p. [1] h. de lám. ;
_c23 cm.
500 _aLa h. de lám., retrato de Eduardo Jenner.
600 1 4 _aJenner, Edward (
_d1749-1823)
_9156767
650 4 _aVacuna antivariólica.
_9143031
852 _aES-MaACL
_jT-858-F-6
_z.- Enc. en un vol. facticio conservando la enc. original
999 _c24992
_d24992